Fiškálna konsolidácia v podmienkach dlhovej krízy diplomová práca

Saved in:
Bibliographic Details
Main Author: Sovičová, Petra
Corporate Author: Národohospodárska fakulta EU. Katedra hospodárskej politiky
Other Authors: Nežinský, Eduard, 1972-
Format: Book
Language:Slovak
Published: Bratislava 2015
Tags: Add Tag
No Tags, Be the first to tag this record!

MARC

LEADER 00000nbm a2200000 4500
001 0202578
005 20161212095747.9
041 0 |a slo 
044 |a SK 
245 1 0 |a Fiškálna konsolidácia v podmienkach dlhovej krízy  |b diplomová práca  |c Petra Sovičová ; školiteľ: Eduard Nežinský 
264 1 |a Bratislava  |c 2015 
300 |a 81 s. 
100 1 |a Sovičová, Petra 
700 1 |a Nežinský, Eduard, 1972- 
710 2 |a Národohospodárska fakulta EU. Katedra hospodárskej politiky